| 000 | 00653nam a2200205 i 4500 | ||
|---|---|---|---|
| 001 | 57590 | ||
| 003 | ES-MaACL | ||
| 005 | 20260210161949.0 | ||
| 007 | t| | ||
| 008 | 031017s1958 sp ||||1| spa d | ||
| 100 | 1 |
_aDomínguez García Tejero, Francisco. _945213 |
|
| 245 | 1 | 0 |
_aTopografía general y agrícola / _cFrancisco Domínguez García Tejero. |
| 250 | _a[2ª ed.]. | ||
| 260 |
_aBarcelona : _bSalvat, _c1958 ( _fHispano-Americana) |
||
| 300 |
_aXIX, 724 p. : _bil. ; _c22 cm. |
||
| 490 | 1 | _aColección agrícola Salvat | |
| 830 | 0 |
_aColección agrícola Salvat _9181203 |
|
| 852 |
_aES-MaACL _jC-16892 _bR.45202 |
||
| 999 |
_c57590 _d57590 |
||